000
00259nam a2200109Ia 4500
999
_c
18624
_d
18624
082
_a
RR 016.338 PRO
100
_a
Woo, Timothy comp.
245
0
_a
Productivity : A select book list
260
_a
n.p.
_b
Federal Publishers
_c
1986
300
_a
101p.
942
_c
BK